| 000 | 00810cab a2200241 4500 | ||
|---|---|---|---|
| 001 | ABS60641 | ||
| 008 | 090401t1999 xxu||||| |||| 00| 0 eng d | ||
| 035 | _a(Sirsi) u99933 | ||
| 041 | _aeng | ||
| 100 | _aMcNamara, P. | ||
| 245 | _aIs property always less liquid than other assets? Maybe not | ||
| 260 | _c1999 | ||
| 350 | _a0 | ||
| 490 |
_aProperty Week _v21 May 1999, 16(1) |
||
| 520 | _aCompares property liquidity with that of other asset types. Argues that large properties are equal, or even more, liquid than large equity positions held in individual companies. Tables. | ||
| 650 | _aPROPERTY-COMMERCIAL PROPERTY | ||
| 650 | _aEQUITIES | ||
| 650 | _aLIQUIDITY | ||
| 650 | _aPROPERTY LIQUIDITY | ||
| 690 | _aPROPERTY-PROPERTY FINANCE AND INVESTMENT | ||
| 942 | _n0 | ||
| 948 | _c03/06/1999 | ||
| 999 |
_c60015 _d60015 |
||